Eco-towns (Record no. 80336)

MARC details
000 -LEADER
fixed length control field 00894cab a22001935a 4500
001 - CONTROL NUMBER
control field L144033
008 - FIXED-LENGTH DATA ELEMENTS--GENERAL INFORMATION
fixed length control field 080612s2008 xxkad f 000 0 eng d
035 ## - SYSTEM CONTROL NUMBER
System control number (Sirsi) u144033
041 0# - LANGUAGE CODE
Language code of text/sound track or separate title eng
100 1# - MAIN ENTRY--PERSONAL NAME
Personal name Dixon, Tim
245 00 - TITLE STATEMENT
Title Eco-towns
Remainder of title green fact or green fiction?
260 ## - PUBLICATION, DISTRIBUTION, ETC.
Date of publication, distribution, etc. 2008
490 #0 - SERIES STATEMENT
Series statement Property Forecast
Volume/sequential designation 11(5) May 2008, 8-11(4)
520 ## - SUMMARY, ETC.
Summary, etc. Discusses eco-towns in light of the UK Government's decision to create 15 eco-towns in England. Reports that this is part of an international trend towards sustainable living. Considers how sustainable the eco-city concept can be by examining a number of relevant reports. Map shows eco-town shortlist locations.
590 ## - LOCAL NOTE (RLIN)
Local note KA
690 ## - LOCAL SUBJECT ADDED ENTRY--TOPICAL TERM (OCLC, RLIN)
Topical term or geographic name as entry element ENVIRONMENTAL AND LAND CONSULTANCY-PLANNING AND DEVELOPMENT-STRATEGIC PLANNING
690 ## - LOCAL SUBJECT ADDED ENTRY--TOPICAL TERM (OCLC, RLIN)
Topical term or geographic name as entry element ENVIRONMENTAL AND LAND CONSULTANCY-SUSTAINABILITY-SUSTAINABLE DEVELOPMENT
942 ## - ADDED ENTRY ELEMENTS (KOHA)
Suppress in OPAC 0
Holdings
Withdrawn status Lost status Source of classification or shelving scheme Damaged status Not for loan Home library Current library Shelving location Date acquired Total Checkouts Full call number Barcode Date last seen Copy number Price effective from Koha item type
    Dewey Decimal Classification     London London Journal article 12/06/2008   L144033 144033-1001 06/08/2019 1 06/08/2019 Journal article